| 000 | 02172nam a2200433 a 4500 | ||
|---|---|---|---|
| 001 | ebr10356840 | ||
| 003 | CaPaEBR | ||
| 006 | m u | ||
| 007 | cr cn||||||||| | ||
| 008 | 060803s2007 miua sb s001 0 eng | ||
| 010 | _z 2006025449 | ||
| 015 |
_aGBA740130 _2bnb |
||
| 016 | 7 |
_z013752586 _2Uk |
|
| 020 | _z0472099809 (cloth : alk. paper) | ||
| 020 | _z9780472099801 (cloth : alk. paper) | ||
| 020 | _z0472069802 (pbk. : alk. paper) | ||
| 020 | _z9780472069804 (pbk. : alk. paper) | ||
| 040 |
_aCaPaEBR _cCaPaEBR |
||
| 035 | _a(OCoLC)654348490 | ||
| 043 |
_aa-io--- _af-nr--- |
||
| 050 | 1 | 4 |
_aHC447 _b.L47 2007eb |
| 082 | 0 | 4 |
_a330.9598 _222 |
| 100 | 1 |
_aLewis, Peter, _d1957- |
|
| 245 | 1 | 0 |
_aGrowing apart _h[electronic resource] : _boil, politics, and economic change in Indonesia and Nigeria / _cPeter M. Lewis. |
| 260 |
_aAnn Arbor : _bUniversity of Michigan Press, _cc2007. |
||
| 300 |
_axi, 345 p. : _bill. |
||
| 490 | 1 | _aInterests, identities, and institutions in comparative politics | |
| 504 | _aIncludes bibliographical references (p. [297]-326) and index. | ||
| 505 | 0 | _aIntroduction -- The political economy of development -- Growing apart : divergent political economies -- Indonesia : crisis, reform, and growth -- Nigeria : division, distribution, and decline -- Comparing economic performance -- After the fall : the dynamics of attempted reform in Indonesia -- Predatory rule, transition, and malaise in Nigeria -- Conclusion : Indonesia and Nigeria in comparative perspective. | |
| 533 |
_aElectronic reproduction. _bPalo Alto, Calif. : _cebrary, _d2013. _nAvailable via World Wide Web. _nAccess may be limited to ebrary affiliated libraries. |
||
| 651 | 0 |
_aIndonesia _xEconomic conditions _y1945-1966. |
|
| 651 | 0 |
_aNigeria _xEconomic conditions _y1970- |
|
| 651 | 0 |
_aIndonesia _xEconomic policy. |
|
| 651 | 0 |
_aNigeria _xEconomic policy. |
|
| 655 | 7 |
_aElectronic books. _2local |
|
| 710 | 2 | _aebrary, Inc. | |
| 830 | 0 | _aInterests, identities, and institutions in comparative politics. | |
| 856 | 4 | 0 |
_uhttp://site.ebrary.com/lib/rucke/Doc?id=10356840 _zAn electronic book accessible through the World Wide Web; click to view |
| 999 |
_c108069 _d108069 |
||